Un episodio en la vida del pintor viajero.
Guardat en:
| Autor principal: | |
|---|---|
| Format: | Desconegut |
| Publicat: |
Barcelona, España:
Mondadori,
2005.
|
| Edició: | Primera edición. |
| Col·lecció: | Literatura Mondadori,
|
| Matèries: | |
| Etiquetes: |
Afegir etiqueta
Sense etiquetes, Sigues el primer a etiquetar aquest registre!
|
MARC
| LEADER | 00000 a2200000 4500 | ||
|---|---|---|---|
| 003 | CL-VaPUC | ||
| 005 | 20230801123007.0 | ||
| 008 | 230712t2005 ||||| |||| 00| 0 eng d | ||
| 999 | |c 440435 |d 440433 | ||
| 020 | |a 8439711913X | ||
| 040 | |c Pontificia Universidad Católica de Valparaíso | ||
| 082 | 7 | |a Ar863 AIR 2005 |2 22 | |
| 100 | |a Aira, César |9 503607 |e autor | ||
| 245 | 1 | 3 | |a Un episodio en la vida del pintor viajero. |
| 250 | |a Primera edición. | ||
| 260 | |a Barcelona, España: |b Mondadori, |c 2005. | ||
| 300 | |a 108 páginas; |b ilustraciones. | ||
| 490 | |a Literatura Mondadori, |n 272. | ||
| 583 | |k GC |c 20230712 | ||
| 600 | 0 | |a Rugendas, Mauricio |9 878766 |d 1802-1858 |q (Rugendas, Johann Moritz), |x Viajes |y 1847 |z Argentina | |
| 650 | |a Novela argentina |9 347321 | ||
| 942 | |2 ddc |c BK | ||
| 952 | |0 0 |1 0 |2 ddc |4 0 |6 AR_863_000000000000000_AIR_2005 |7 0 |8 A |9 590871 |a BIBART |b BIBART |d 2023-07-12 |e 2 |g 5605.00 |i 5658062 |l 5 |o Ar863 AIR 2005 |p 5658062 |r 2025-03-13 |s 2024-04-19 |t 1 |v 5605.00 |w 2023-07-12 |y BK |k ART | ||